Statistiken für Länderflaggen #2

Klicken Sie hier um das Quiz zu spielen!

Allgemein

  • Dieses Quiz wurde 119 mal gespielt
  • Das Durchschnittsergebnis liegt bei 19 aus 20

Antwortstatistiken

Antwort% Korrekt
Argentinien
100%
Deutschland
100%
Schweiz
100%
Spanien
100%
Dänemark
99%
Island
99%
Österreich
99%
Türkei
99%
Finnland
97%
Südkorea
97%
Indien
96%
Saudi-Arabien
95%
Ukraine
95%
Uruguay
93%
Chile
91%
Zypern
91%
Thailand
84%
Vietnam
83%
Kambodscha
76%
Taiwan
69%

Verteilung der Resultate

Perzentil nach korrekt beantworteten Fragen

Anzahl Personen mit jedem Resultat

Ihre Resultats-Entwicklung

Sie haben dieses Quiz noch nicht gespielt